Statistics for 5 largest Cities in the U.S in 15 seconds

Click here to take the quiz!

General Stats

  • This quiz has been taken 136 times
  • The average score is 4 of 5

Answer Stats

HintAnswer% Correct
1New York
100%
2Los Angeles
95%
3Chicago
89%
4Houston
73%
5Philadelphia
52%

Score Distribution

Percentile by Number Answered

Percent of People with Each Score

Your Score History

You have not taken this quiz